000 00336nam a2200145Ia 4500
001 R-1283
003 CODICE-MESSINA
005 20260212102505.0
008 260211s9999 xx 000 0 und d
040 _cimportazione_messina
100 _aGiusppe Berto
245 0 _aOh, Serafina!
260 _bRusconi Editore
942 _2ddc
_cBK
999 _c27783
_d27783